000 00709nam a2200193 a 4500
001 001189700
003 AM-YeHGA
005 20250617152817.0
008 161115s1958 ||| r 000 0 rus d
040 _aAM-YeHGA
041 1 _arus
_huig
100 1 _aХасанов, Кадыр
245 1 0 _aДружбу пою :
_bПер. с уйгур. /
_cКадыр Хасанов.
260 _aАлма-Ата :
_bКазахское гос. изд-во худож. литер.,
_c1958.
300 _a135 с. :
_bпортр.
440 0 0 _aДекада казахского искусства и литературы в Москве, 1958 г
653 0 _aУйгурская литература
090 _c380164
999 _c378251
_d378251